| 000 | 00849cab a2200229 4500 | ||
|---|---|---|---|
| 001 | WB3429-39 | ||
| 008 | 090401t1998 xxu||||| |||| 00| 0 eng d | ||
| 035 | _a(Sirsi) u87766 | ||
| 041 | _aeng | ||
| 245 | _aRestrictive covenants | ||
| 260 | _c1998 | ||
| 350 | _a0 | ||
| 490 |
_aEstates Gazette Case Summaries _v[1998] EGCS 118, (25/7/98) |
||
| 520 | _a"In the matter of University of Westminster" CA 15 July 1998. Unopposed application to discharge or modify restrictive covenants - Tribunal modifying covenants - exercise of tribunal`s discretion to modify rather than discharge covenants. Appeal dismissed. (Taken from headnote). | ||
| 650 | _aDISCHARGE | ||
| 650 | _aLANDS TRIBUNAL | ||
| 650 | _aMODIFICATION | ||
| 650 | _aRESTRICTIVE COVENANTS | ||
| 690 | _aPROPERTY LAW AND PRACTICE-CASE LAW | ||
| 942 | _n0 | ||
| 948 | _c31/07/1998 | ||
| 999 |
_c55373 _d55373 |
||